000 00480nam a22001937a 4500
003 MPLRDC
005 20220104143411.0
008 210129b ||||| |||| 00| 0 eng d
020 _a983-9137-52-2
082 _a848.3 YS v.199
100 _a亦舒著
245 _a紧些, 再紧些
_c
250 _a初版一刷
260 _a
_b天地图书有限公司
_c1999
300 _b
490 _a亦舒小说系列;199
650 _a现代别集
942 _cBK
_o848.3 YS v.199
999 _c39525
_d39515